Θέματα παιδείας 2

Αποθηκεύτηκε σε:
Λεπτομέρειες βιβλιογραφικής εγγραφής
Μορφή: Βιβλίο
Γλώσσα:Greek
Δημοσίευση: Αθήνα : Σύγχρονη Εποχή, 1983
Έκδοση:2η εκδ.
Σειρά:Μελέτες Κέντρου Μαρξιστικών Ερευνών ; ; 9
Θέματα:
Ετικέτες: Προσθήκη ετικέτας
Δεν υπάρχουν, Καταχωρήστε ετικέτα πρώτοι!

MARC

LEADER 00000cam a2200000 i 4500
001 1/21403
008 960711s1983 gre d
035 |a 1986  |b 3  |c Αγορά  |l 10036291 
040 |a GR-MY-UA  |b gre  |e aacr 
041 0 |a gre 
082 0 |a 370.9495 
245 1 0 |a Θέματα παιδείας 2 
250 |a 2η εκδ. 
260 |a Αθήνα :   |b Σύγχρονη Εποχή,   |c 1983 
300 |a 250 σ. 
490 1 |a Μελέτες Κέντρου Μαρξιστικών Ερευνών  |v ; 9 
650 0 0 |a Education  |z Greece. 
650 0 0 |a Education  |x Philosophy. 
650 0 0 |a Teaching. 
650 0 0 |a Education  |z Greece  |x History. 
830 0 |a Μελέτες Κέντρου Μαρξιστικών Ερευνών ;  |v ; 9 
852 |a INST  |b RHODES  |e 19960711  |h 370.9495 ΘΕΜ  |p 005400002776  |q 005400002776  |t BK  |y 0 
909 |a Ρ  |b 003331  |c 1986